Revista de la Academia de Historia del Meta / (Registro nro. 38018)
[ vista simple ]
| 000 -CABECERA | |
|---|---|
| Longitud fija campo de control | 00883cas a2200253 a 4500 |
| 003 - • IDENTIFICADOR DELl NÚMERO DE CONTROL | |
| Identificador del número de control | CO-ViMGA |
| 005 - • FECHA Y HORA DE LA ÚLTIMA TRANSACCIÓN | |
| Fecha y hora de la última transacción | 20250801162558.0 |
| 008 - • CÓDIGOS DE INFORMACIÓN DE LONGITUD FIJA | |
| Códigos de información de longitud fija | 890905u198uuuuuck uu p 0 0spa c |
| 040 ## - FUENTE DE LA CATALOGACIÓN | |
| Centro catalogador de origen | CO-ViMGA |
| Lengua de catalogación | spa |
| Centro transcriptor | CO-ViMGA |
| 043 ## - CÓDIGO DE ÁREA GEOGRÁFICA | |
| Código de área geográfica | s-ck--- |
| 082 04 - • NÚMERO DE LA CLASIFICACIÓN DECIMAL DEWEY | |
| Número de clasificación (R) | Fr 59 |
| Número del ítem | A11r |
| 245 00 - • TITULO PROPIAMENTE DICHO | |
| Título | Revista de la Academia de Historia del Meta / |
| Mención de responsabilidad, etc. | Academia de historia del meta. |
| 246 18 - • VARIANTES DE TÍTULO | |
| Título propio / Título en breve | Revista |
| 300 ## - • DESCRIPCIÓN FÍSICA | |
| Extensión | v. : |
| Otras características físicas | ill. ; |
| Dimensiones | 20-21 cm. |
| 590 ## - NOTAS LOCALES | |
| Nota local | SERBIB/SERLOC merged record |
| 651 #0 - • PUNTO DE ACCESO ADICIONAL DE MATERIA - NOMBRE GEOGRÁFICO | |
| Nombre geográfico | Colombia |
| Subdivisión de materia general | History |
| Subdivisión de forma | Periodicals. |
| 651 #0 - • PUNTO DE ACCESO ADICIONAL DE MATERIA - NOMBRE GEOGRÁFICO | |
| Nombre geográfico | Meta (Colombia) |
| Subdivisión de materia general | History |
| Subdivisión de forma | Periodicals. |
| 710 2# - • PUNTO DE ACCESO ADICIONAL - NOMBRE DE ENTIDAD | |
| Nombre de entidad o nombre de jurisdicción como elemento inicial | Academia de Historia del Meta (Colombia) |
| 942 ## - ENTRADA DE ELEMENTOS AGREGADOS (KOHA) | |
| Fuente de clasificaión o esquema | Dewey Decimal Classification |
| Koha [por defecto] tipo de item | LIbro |
| Parte de clasificación | Fr 59 A11r |
| Perdido | Fuente de clasificación o esquema | Estado Físico | No para préstamo | Forma de adquisición | Localización permanente | Localización actual | Fecha adquisición | Préstamos totales | Signatura completa | Código de barras | Fecha última consulta | Fecha del precio de reemplazo | Tipo de item de Koha |
|---|---|---|---|---|---|---|---|---|---|---|---|---|---|
| Dewey Decimal Classification | Fondo Regional Tercer Piso | Biblioteca Pública Germán Arciniegas - Villavicencio | Biblioteca Pública Germán Arciniegas - Villavicencio | 06/16/2017 | Fr 59 A11r | 032300 | 06/16/2017 | 06/16/2017 | LIbro |